[Event "Bad Woerishofen op 16th"]
[Site "Bad Woerishofen"]
[Date "2000.03.17"]
[Round "1"]
[White "Moehle, Friedrich"]
[Black "Medvegy, Nora"]
[Result "0-1"]
[WhiteElo "1895"]
[BlackElo "2275"]
[PlyCount "68"]
[EventDate "2000.03.??"]
[EventType "swiss"]
[EventRounds "9"]
[EventCountry "GER"]
[SourceTitle "CBM 075 Extra"]
[Source "ChessBase"]
[SourceDate "2000.05.11"]
[SourceVersion "2"]
[SourceVersionDate "2000.05.11"]
[SourceQuality "1"]

1. e4 c5 2. Nf3 e6 3. d4 cxd4 4. Nxd4 Nc6 5. Be3 Nf6 6. Nd2 d5 7. exd5 Nxd5 8. Nxc6 bxc6 9. Qf3 Nxe3 10. Qxe3 Be7 11. Bd3 0-0 12. 0-0 Bf6 13. c3 Rb8 14. Nb3 Qb6 15. Qe4 g6 16. Qf4 Bg7 17. Rfd1 e5 18. Qg3 Be6 19. Bc2 a5 20. Rab1 a4 21. Nc1 Rfd8 22. Qf3 Rxd1+ 23. Qxd1 Rd8 24. Qe1 Bh6 25. b4 Rd2 26. Bxa4 Rxf2 27. Qxf2 Be3 28. Nd3 Bxf2+ 29. Nxf2 Bxa2 30. Re1 f6 31. Bc2 Bc4 32. Re4 Bd5 33. Re1 Qa7 34. Bd3 Qa3 0-1